Fleetwood Mac: Albums by Cover - Statistics

General Stats
  • This quiz has been taken 37 times
  • The average score is 9 of 18
Answer Stats
Picture Hint Answer % Correct
1977 Rumours
93%
1975 Fleetwood Mac | The White Album
90%
1979 Tusk
90%
1987 Tango in the Night
87%
1982 Mirage
70%
1968 Peter Green's Fleetwood Mac
60%
1973 Penguin
47%
2003 Say You Will
47%
1972 Bare Trees
40%
1970 Kiln House
37%
1973 Mystery to Me
33%
1990 Behind the Mask
30%
1971 Future Games
30%
1974 Heroes Are Hard to Find
30%
1995 Time
30%
1969 Then Play On
27%
1968 Mr. Wonderful
23%
1969 Fleetwood Mac in Chicago
13%
No matching quizzes found
Score Distribution
Percent of People with Each Score
Percentile by Number Answered
Your Score History
You have not taken this quiz